000
00302nam a22001337a 4500
008
171228b xxu||||| |||| 00| 0 eng d
020
_a
9780312607845
041
_a
eng
080
_2
6TH
_a
37
100
_a
46
101
_a
EDU
245
_a
TYHE ST.MARTIN'S HANDBOOK
_c
LUNSFORD,A,A
942
_2
udc
_c
BK
999
_c
39558
_d
39558